| 000 | 00000cam 2200000za 4500 |
| 001 | 9.697433 |
| 003 | CaOODSP |
| 005 | 20260126164917 |
| 007 | cr ||||||||||| |
| 008 | 150407s1979||||xxc|||||o f|0| 0 eng d |
| 040 | |aCaOODSP|beng |
| 043 | |an-cn--- |
| 086 | 1 |aA43-1112/1979E-PDF |
| 110 | 1 |aCanada.|bAgriculture Canada.|bResearch Branch. |
| 245 | 10|aEdible and poisonous mushrooms of Canada |h[electronic resource] / |cJ. Walton Groves, addendum by S.A. Redhead. |
| 250 | |aRevised 1979. |
| 260 | |aOttawa : |bAgriculture Canada |c1962, c1979. |
| 300 | |a346 p.|bfigs., illus. (some coloured), photographs |
| 500 | |aHistorical publication digitized by Agriculture and Agri-Food Canada. |
| 504 | |aBibliography. |
| 590 | |a13-17-Supp|b2013-07-25 |
| 690 | 07|aFungi|2gcpds |
| 700 | 1 |aMcKechnie, Ruth. |
| 775 | 08|tChampignons comestibles et vénéneux du Canada |w(CaOODSP)9.642181 |
| 856 | 40|qPDF|s31.4 MB|uhttps://publications.gc.ca/collections/collection_2013/aac-aafc/agrhist/A43-1112-1979-eng.pdf |
| 986 | |a1112 |